| 000 | 00719nam a2200205Ia 4500 | ||
|---|---|---|---|
| 008 | 130821s1995 ag gr spa | ||
| 020 | _a950 15 1541 9 | ||
| 040 |
_aCo-BoUCM _bspa |
||
| 041 | 0 | 0 | _aspa |
| 100 | 1 |
_aLenz, Frederick _9168774 |
|
| 245 | 1 | 0 |
_aEn las cumbres del Himalaya _cFrederick Lenz ; traducción de Ana Mazía |
| 260 |
_aBuenos Aires (Argentina) _bJavier Vergara Editor S.A. _c1995 |
||
| 300 | _a167 páginas | ||
| 490 | _aInspiración | ||
| 650 |
_aAutorrealización (Psicología) _vNovela _9133165 |
||
| 650 |
_aLiteratura estadounidense _918653 |
||
| 650 |
_aMeditación (Budismo Zen) _vNovela _9168775 |
||
| 942 |
_cLIBRO _a18 _e1 _mL575e _2DEWEY _h810.54 |
||
| 999 |
_c73967 _d73967 |
||